अजब तेरी दुनिया/ (Record no. 61946)

MARC details
000 -LEADER
fixed length control field 00722nam a22001817a 4500
005 - DATE AND TIME OF LATEST TRANSACTION
control field 2012020408108.0
020 ## - INTERNATIONAL STANDARD BOOK NUMBER
Terms of availability 125.00
International Standard Book Number
035 ## - SYSTEM CONTROL NUMBER
System control number B-74124
037 ## - SOURCE OF ACQUISITION
Source of stock number/acquisition
Stock number dpl
082 ## - DEWEY DECIMAL CLASSIFICATION NUMBER
Classification number 080
100 ## - MAIN ENTRY--PERSONAL NAME
Personal name श्रीकृष्ण
245 1# - TITLE STATEMENT
Title अजब तेरी दुनिया/
Statement of responsibility, etc श्रीकृष्ण
260 ## - PUBLICATION, DISTRIBUTION, ETC. (IMPRINT)
Place of publication, distribution, etc नई दिल्ली
Name of publisher, distributor, etc नवयुग साहित्य
Date of publication, distribution, etc 2001
270 ## - ADDRESS
Address
City
Postal code
Telephone number
300 ## - PHYSICAL DESCRIPTION
Extent 128पृ.
Dimensions 22सेमी (सजिल्द)
942 ## - ADDED ENTRY ELEMENTS (KOHA)
Institution code [OBSOLETE] dpl
Item type Hindi Books
Call number prefix
Source of classification or shelving scheme Dewey Decimal Classification
Classification part 080
Call number suffix श्रीकृष्ण
Holdings
Withdrawn status Lost status Not for loan Collection code Home library Current library Date acquired Cost, normal purchase price Full call number Barcode Cost, replacement price Koha item type
      Non-fiction Sarojini Nagar Sarojini Nagar 04/02/2012 125.00 080 श्रीकृष्ण B-74124 125.00 Hindi Books

© Delhi Public Library
Hit Counter
free hit counter